[Event "Helsingor Northcoast Cup"]
[Site "Helsingor"]
[Date "2020.11.17"]
[Round "4"]
[White "Petersen, Jan"]
[Black "Johannesen, Lars Peter Meldgaar"]
[Result "1/2-1/2"]
[WhiteElo "1709"]
[BlackElo "1669"]
[PlyCount "47"]
[EventDate "2020.10.06"]
[EventType "swiss"]
[EventRounds "6"]
[EventCountry "DEN"]
[SourceTitle "EXT 2024"]
[Source "ChessBase"]
[SourceDate "2023.10.10"]
[SourceVersion "1"]
[SourceVersionDate "2023.10.10"]
[SourceQuality "1"]

1. d4 d5 2. c4 c6 3. Nf3 Nf6 4. Nc3 e6 5. Bg5 Be7 6. e3 0-0 7. Bd3 dxc4 8. Bxc4 Nd5 9. Bxe7 Qxe7 10. 0-0 Nd7 11. Rc1 b6 12. Bxd5 exd5 13. Qd3 Bb7 14. Rc2 Rac8 15. Rfc1 Rfe8 16. a3 f6 17. b4 b5 18. Nd2 Nb6 19. Qf1 Nc4 20. Nxc4 dxc4 21. Rb2 Ra8 22. Ra1 a5 23. Qb1 Ra7 24. Rba2 1/2-1/2

[Event "Helsingor Northcoast Cup"]
[Site "Helsingor"]
[Date "2020.10.06"]
[Round "1"]
[White "Nonboe, Ulf"]
[Black "Petersen, Jan"]
[Result "1-0"]
[WhiteElo "1765"]
[BlackElo "1709"]
[PlyCount "67"]
[EventDate "2020.10.06"]
[EventType "swiss"]
[EventRounds "6"]
[EventCountry "DEN"]
[SourceTitle "EXT 2024"]
[Source "ChessBase"]
[SourceDate "2023.10.10"]
[SourceVersion "1"]
[SourceVersionDate "2023.10.10"]
[SourceQuality "1"]

1. f4 c5 2. c3 d5 3. e3 Nf6 4. d4 cxd4 5. exd4 Bf5 6. Nf3 Nbd7 7. Ne5 e6 8. Qa4 a6 9. Nd2 b5 10. Qd1 Nxe5 11. fxe5 Ne4 12. Nf3 Bg4 13. Bd3 Bxf3 14. Qxf3 Ng5 15. Qg4 h6 16. 0-0 Nh7 17. Bd2 g5 18. Qh5 Qe7 19. a4 b4 20. cxb4 Qb7 21. b5 Qa7 22. Bc3 Bg7 23. b6 Qb7 24. a5 0-0 25. Bb4 Rfc8 26. Rac1 f5 27. exf6 Nxf6 28. Rxc8+ Rxc8 29. Qg6 Qf7 30. Qxf7+ Kxf7 31. Bxa6 Rc2 32. Bc3 Ke7 33. b7 Nd7 34. Bd3 1-0

[Event "Helsingor Xtracon op"]
[Site "Helsingor"]
[Date "2019.07.25"]
[Round "7"]
[White "Huse, Arne Kjelsbol"]
[Black "Petersen, Jan"]
[Result "1-0"]
[WhiteElo "1419"]
[BlackElo "1660"]
[PlyCount "63"]
[EventDate "2019.07.20"]
[EventType "swiss"]
[EventRounds "10"]
[EventCountry "DEN"]
[SourceTitle "CBM 191 Extra"]
[Source "ChessBase"]
[SourceDate "2019.09.30"]
[SourceVersion "1"]
[SourceVersionDate "2019.09.30"]
[SourceQuality "1"]

1. e4 c5 2. Nf3 d6 3. d4 cxd4 4. Nxd4 Nf6 5. Nc3 a6 6. Bc4 e6 7. Bb3 b5 8. h3 Be7 9. 0-0 Qc7 10. f4 0-0 11. Kh1 Nc6 12. f5 e5 13. Nd5 Nxd5 14. Nxc6 Nf6 15. Nxe7+ Qxe7 16. Bg5 Bb7 17. Qf3 h6 18. Bh4 Kh7 19. g4 Qc7 20. Bxf6 gxf6 21. Rad1 Rad8 22. Rd2 Rd7 23. h4 Qb8 24. g5 Qa8 25. Bd5 Bxd5 26. exd5 Rg8 27. Rg1 Qf8 28. Rh2 Qg7 29. Qh5 Rc7 30. Rhg2 Rcc8 31. gxh6 Rxc2 32. hxg7# 1-0

[Event "Helsingor Xtracon op"]
[Site "Helsingor"]
[Date "2019.07.21"]
[Round "3"]
[White "Johansen, Paul Ivar"]
[Black "Petersen, Jan"]
[Result "0-1"]
[WhiteElo "1205"]
[BlackElo "1660"]
[PlyCount "122"]
[EventDate "2019.07.20"]
[EventType "swiss"]
[EventRounds "10"]
[EventCountry "DEN"]
[SourceTitle "CBM 191 Extra"]
[Source "ChessBase"]
[SourceDate "2019.09.30"]
[SourceVersion "1"]
[SourceVersionDate "2019.09.30"]
[SourceQuality "1"]

1. Nf3 Nf6 2. c4 e6 3. d4 d5 4. Bg5 h6 5. Bxf6 Qxf6 6. cxd5 exd5 7. e3 Bb4+ 8. Nc3 Qc6 9. Qb3 Bxc3+ 10. Qxc3 Qxc3+ 11. bxc3 Nc6 12. Bb5 Bd7 13. Ne5 Nxe5 14. Bxd7+ Nxd7 15. Rb1 Nb6 16. Ke2 Rb8 17. Rhc1 Nc4 18. Kd3 b5 19. f3 f5 20. a4 a6 21. axb5 Rxb5 22. Rxb5 axb5 23. Ra1 0-0 24. Ra7 Rc8 25. g4 fxg4 26. fxg4 Nd6 27. Ra2 Kf7 28. Kc2 Ke7 29. Kb3 Rf8 30. Kb4 Kd7 31. Kc5 Ne4+ 32. Kb4 Rf2 33. Ra6 Rf6 34. Ra8 Kc6 35. Rg8 g5 36. Rb8 Rf1 37. Rh8 Rf6 38. Rb8 Nf2 39. h3 Nxh3 40. Rxb5 Nf2 41. Rc5+ Kd6 42. Ra5 Nxg4 43. Ra6+ c6 44. c4 Nxe3 45. c5+ Kc7 46. Ra7+ Kd8 47. Ra8+ Ke7 48. Ra7+ Kf8 49. Ra8+ Kg7 50. Ra7+ Kg6 51. Re7 Nf5 52. Re8 Nxd4 53. Rg8+ Kf7 54. Rc8 g4 55. Ra8 g3 56. Kc3 Nf3 57. Ra7+ Ke6 58. Ra2 h5 59. Re2+ Kf5 60. Rg2 Kg4 61. Kd3 Ne1+ 0-1

[Event "Helsingor Xtracon op"]
[Site "Helsingor"]
[Date "2018.07.29"]
[Round "10"]
[White "Petersen, Jan"]
[Black "Mansoor, Areeb"]
[Result "1-0"]
[WhiteElo "1647"]
[BlackElo "1205"]
[PlyCount "45"]
[EventDate "2018.07.21"]
[EventType "swiss"]
[EventRounds "10"]
[EventCountry "DEN"]
[SourceTitle "CBM 185 Extra"]
[Source "ChessBase"]
[SourceDate "2018.07.29"]
[SourceVersion "1"]
[SourceVersionDate "2018.07.29"]
[SourceQuality "1"]

1. d4 Nf6 2. c4 e6 3. Nc3 d5 4. cxd5 exd5 5. Bg5 h6 6. Bxf6 Qxf6 7. Nxd5 Qc6 8. e4 Be6 9. Rc1 Bb4+ 10. Nxb4 Qxe4+ 11. Ne2 Bd7 12. Qd3 Qe7 13. Nd5 Qd6 14. Nxc7+ Kf8 15. Qa3 Qxa3 16. bxa3 Nc6 17. Nxa8 g6 18. g3 Kg7 19. Nc7 Rc8 20. Nd5 Re8 21. Ne3 Be6 22. d5 Bxd5 23. Nxd5 1-0

[Event "Helsingor Xtracon op"]
[Site "Helsingor"]
[Date "2017.07.27"]
[Round "7"]
[White "Petersen, Jan"]
[Black "Jacobsen, Jerlow Lytomt"]
[Result "1/2-1/2"]
[WhiteElo "1628"]
[BlackElo "1415"]
[PlyCount "48"]
[EventDate "2017.07.22"]
[EventType "swiss"]
[EventRounds "10"]
[EventCountry "DEN"]
[SourceTitle "CBM 179 Extra"]
[Source "ChessBase"]
[SourceDate "2017.08.23"]
[SourceVersion "1"]
[SourceVersionDate "2017.08.23"]
[SourceQuality "1"]

1. d4 e6 2. c4 d5 3. Nc3 Nf6 4. cxd5 exd5 5. Bg5 Be6 6. e3 Bb4 7. Bd3 0-0 8. a3 Be7 9. Nf3 c5 10. dxc5 Bxc5 11. 0-0 Nc6 12. b4 Bb6 13. b5 Na5 14. Qa4 d4 15. Ne4 dxe3 16. Nxf6+ gxf6 17. Bxh7+ Kg7 18. Qh4 exf2+ 19. Kh1 fxg5 20. Nxg5 Qf6 21. Qg3 Kh8 22. Qh4 Kg7 23. Qg3 Kh8 24. Qh4 Kg7 1/2-1/2

[Event "Helsingor Xtracon op"]
[Site "Helsingor"]
[Date "2017.07.24"]
[Round "4"]
[White "Larsen, Preben R"]
[Black "Petersen, Jan"]
[Result "1-0"]
[WhiteElo "1860"]
[BlackElo "1628"]
[PlyCount "67"]
[EventDate "2017.07.22"]
[EventType "swiss"]
[EventRounds "10"]
[EventCountry "DEN"]
[SourceTitle "CBM 179 Extra"]
[Source "ChessBase"]
[SourceDate "2017.08.23"]
[SourceVersion "1"]
[SourceVersionDate "2017.08.23"]
[SourceQuality "1"]

1. e4 e6 2. d4 d5 3. Nc3 Bb4 4. e5 c5 5. a3 Bxc3+ 6. bxc3 Ne7 7. Nf3 Qc7 8. Bd3 cxd4 9. cxd4 Bd7 10. 0-0 Nbc6 11. Bg5 Ng6 12. Qe2 0-0 13. Qe3 a6 14. h4 h6 15. Bxh6 gxh6 16. Qxh6 Rfc8 17. h5 Be8 18. hxg6 fxg6 19. Bxg6 Qg7 20. Qxg7+ Kxg7 21. Bxe8 Rxe8 22. Rfd1 Rac8 23. Kf1 Ne7 24. Ra2 Rc4 25. Ke2 Rec8 26. Rd2 Kg6 27. Kd1 Kf5 28. Rd3 Nc6 29. Kd2 Rg8 30. Rb2 b5 31. Rb1 Kf4 32. g3+ Kf5 33. Rh1 Rg6 34. Nh4+ 1-0

[Event "Helsingor Xtracon op"]
[Site "Helsingor"]
[Date "2016.07.30"]
[Round "9"]
[White "Petersen, Jan"]
[Black "Bering, Anders"]
[Result "0-1"]
[WhiteElo "1694"]
[BlackElo "1967"]
[PlyCount "116"]
[EventDate "2016.07.23"]
[EventType "swiss"]
[EventRounds "10"]
[EventCountry "DEN"]
[SourceTitle "CBM 173 Extra"]
[Source "ChessBase"]
[SourceDate "2016.08.29"]
[SourceVersion "1"]
[SourceVersionDate "2016.08.29"]
[SourceQuality "1"]

1. d4 Nf6 2. c4 e6 3. Nc3 Bb4 4. Nf3 d5 5. e3 Ne4 6. Qc2 Nd7 7. a3 Bxc3+ 8. bxc3 b6 9. cxd5 exd5 10. Bd3 Ndf6 11. 0-0 0-0 12. Nd2 Nd6 13. a4 c5 14. Ba3 c4 15. Be2 Bf5 16. Qa2 Re8 17. Bxd6 Qxd6 18. Bf3 Bg4 19. Nxc4 dxc4 20. Bxa8 Rxa8 21. Qxc4 Ne4 22. Qb4 Qh6 23. d5 Nf6 24. Qd4 Qg5 25. f3 Bh3 26. Ra2 Nxd5 27. f4 Nxf4 28. exf4 Qg6 29. Rd2 h5 30. Qd3 Bf5 31. Qd5 Re8 32. Qd4 h4 33. Qf2 h3 34. Qg3 Qc6 35. Rfd1 Qc5+ 36. Kh1 hxg2+ 37. Rxg2 g6 38. Rgd2 Be4+ 39. Rg2 Bxg2+ 40. Kxg2 Re2+ 41. Kf1 Re3 42. Rd8+ Kg7 43. Qh4 Qh5 44. Qxh5 gxh5 45. Ra8 a5 46. Rb8 Rxc3 47. Rxb6 Rc4 48. Rb5 Rxf4+ 49. Ke1 Rxa4 50. Rxh5 Ra2 51. Rb5 a4 52. Ra5 a3 53. h4 Kg6 54. h5+ Kh6 55. Kf1 f5 56. Rxf5 Rb2 57. Ra5 a2 58. Ke1 Rb1+ 0-1

[Event "Helsingor Xtracon op"]
[Site "Helsingor"]
[Date "2016.07.27"]
[Round "6"]
[White "Petersen, Jan"]
[Black "Choong, Liong On Mark"]
[Result "1/2-1/2"]
[WhiteElo "1694"]
[BlackElo "1944"]
[PlyCount "49"]
[EventDate "2016.07.23"]
[EventType "swiss"]
[EventRounds "10"]
[EventCountry "DEN"]
[SourceTitle "CBM 173 Extra"]
[Source "ChessBase"]
[SourceDate "2016.08.29"]
[SourceVersion "1"]
[SourceVersionDate "2016.08.29"]
[SourceQuality "1"]

1. d4 Nf6 2. c4 g6 3. Nc3 Bg7 4. e3 d6 5. Bd3 Nbd7 6. Nf3 c6 7. 0-0 0-0 8. Qc2 a6 9. Bd2 b5 10. Ne4 Bb7 11. Qc3 Nxe4 12. Bxe4 bxc4 13. Qa5 Qxa5 14. Bxa5 d5 15. Bc2 e5 16. Bb4 Rfe8 17. Bc3 e4 18. Nd2 Bh6 19. Ba5 f5 20. Rfe1 Nf6 21. b3 cxb3 22. Nxb3 Nd7 23. Rab1 Rac8 24. Bb4 Bf8 25. Na5 1/2-1/2

[Event "Politiken Cup 36th"]
[Site "Helsingor"]
[Date "2014.07.28"]
[Round "9"]
[White "Petersen, Jan"]
[Black "Akkanen, Timo"]
[Result "1/2-1/2"]
[WhiteElo "1638"]
[BlackElo "1771"]
[PlyCount "77"]
[EventDate "2014.07.21"]
[EventType "swiss"]
[EventRounds "10"]
[EventCountry "DEN"]
[SourceTitle "CBM 161 Extra"]
[Source "ChessBase"]
[SourceDate "2014.08.29"]
[SourceVersion "1"]
[SourceVersionDate "2014.08.29"]
[SourceQuality "1"]

1. d4 d6 2. c4 Nf6 3. Nc3 g6 4. b3 Bg7 5. Bb2 Bf5 6. e3 c6 7. Bd3 Qa5 8. Nge2 Na6 9. a3 Bxd3 10. Qxd3 Qg5 11. 0-0 0-0 12. e4 Rad8 13. Bc1 Qg4 14. f3 Qh5 15. b4 e5 16. d5 cxd5 17. Nxd5 Nxd5 18. Qxd5 Rd7 19. Be3 b6 20. Qb5 Nb8 21. Rfd1 Rfd8 22. Rd3 f5 23. Ng3 Qh4 24. Qd5+ Kh8 25. Bf2 Qe7 26. Rad1 f4 27. Ne2 Na6 28. g3 Nc7 29. Qc6 Ne6 30. c5 bxc5 31. bxc5 fxg3 32. hxg3 Bf8 33. cxd6 Rxd6 34. Rxd6 Rxd6 35. Rxd6 Qxd6 36. Qxd6 Bxd6 37. Bxa7 Bxa3 38. Bb8 Bb2 39. f4 1/2-1/2

[Event "Farum HK-ch"]
[Site "Farum"]
[Date "2005.10.21"]
[Round "6"]
[White "Petersen, Jan"]
[Black "Hein, Jacob"]
[Result "1-0"]
[WhiteElo "1322"]
[BlackElo "1390"]
[PlyCount "87"]
[EventDate "2005.10.16"]
[EventType "swiss"]
[EventRounds "6"]
[EventCountry "DEN"]
[SourceTitle "EXT 2018"]
[Source "ChessBase"]
[SourceDate "2017.10.13"]
[SourceVersion "1"]
[SourceVersionDate "2017.10.13"]
[SourceQuality "1"]

1. d4 Nf6 2. c4 g6 3. Nc3 Bg7 4. Nf3 0-0 5. Bf4 Re8 6. e3 d6 7. Be2 Nbd7 8. 0-0 Nf8 9. Re1 c6 10. Rc1 Ne6 11. Bg5 Nxg5 12. Nxg5 h6 13. Nge4 Bf5 14. Bd3 Nh7 15. Qc2 Kh8 16. Ng3 e6 17. e4 Bg4 18. Nce2 Ng5 19. Qd2 Qf6 20. Qf4 Qxf4 21. Nxf4 Bxd4 22. Nge2 Bb6 23. Kh1 e5 24. f3 Nxf3 25. gxf3 Bxf3+ 26. Ng2 f5 27. Nc3 Rg8 28. Rf1 Be3 29. Rc2 fxe4 30. Bxe4 Bxg2+ 31. Rxg2 Raf8 32. Rxf8 Rxf8 33. Rxg6 Rf1+ 34. Kg2 Rg1+ 35. Kf3 Rxg6 36. Bxg6 Bd4 37. Nd1 Kg7 38. Be4 a5 39. b3 Kf6 40. Ne3 Kg5 41. Nf5 Bc5 42. h4+ Kh5 43. Kg3 Bb4 44. Ng7# 1-0

[Event "Farum HK-ch"]
[Site "Farum"]
[Date "2005.10.18"]
[Round "3"]
[White "Petersen, Jan"]
[Black "Pedersen, Leif"]
[Result "1-0"]
[WhiteElo "1322"]
[BlackElo "1286"]
[PlyCount "153"]
[EventDate "2005.10.16"]
[EventType "swiss"]
[EventRounds "6"]
[EventCountry "DEN"]
[SourceTitle "EXT 2018"]
[Source "ChessBase"]
[SourceDate "2017.10.13"]
[SourceVersion "1"]
[SourceVersionDate "2017.10.13"]
[SourceQuality "1"]

1. d4 d5 2. c4 Nf6 3. cxd5 Qxd5 4. Nc3 Qa5 5. Bd2 Qb6 6. e3 Qxb2 7. Rb1 Qa3 8. Nb5 Qxa2 9. Nxc7+ Kd8 10. Nxa8 Ne4 11. Rc1 Nc6 12. Qc2 Qxc2 13. Rxc2 Nxd2 14. Rxd2 e6 15. d5 Bb4 16. dxc6+ Bxd2+ 17. Kxd2 bxc6 18. Nf3 Bb7 19. Ne5 Rf8 20. g3 Bxa8 21. Bg2 Kc7 22. Rc1 f6 23. Nc4 Rd8+ 24. Ke2 Bb7 25. Na5 Ba6+ 26. Ke1 Bb5 27. Bxc6 Kb6 28. Bxb5 Kxb5 29. Nb3 Rd7 30. Nd4+ Kb4 31. Nxe6 a5 32. Rd1 Re7 33. Rd4+ Kc3 34. Nc5 Rc7 35. Na4+ Kb3 36. Kd1 Rc2 37. Nb6 Rxf2 38. Rd3+ Kb4 39. Rd2 Rf1+ 40. Kc2 Ra1 41. Rd4+ Kb5 42. Nc4 Ra2+ 43. Kc3 Kc5 44. Rh4 h6 45. Rh5+ g5 46. Rxh6 Ra4 47. Nb2 Ra3+ 48. Kd2 Ra2 49. Kc2 a4 50. Kb1 Ra3 51. Rxf6 Rb3 52. Ka2 Rxe3 53. Nxa4+ Kb4 54. Nb2 Re2 55. h4 gxh4 56. gxh4 Rh2 57. Rh6 Kc3 58. Rc6+ Kb4 59. Rc4+ Kb5 60. Kb3 Rh3+ 61. Kc2 Rh2+ 62. Kc3 Rh3+ 63. Nd3 Kb6 64. Kd2 Rh2+ 65. Ke3 Rh3+ 66. Ke2 Rg3 67. h5 Rg8 68. Kf3 Kb5 69. Rc1 Kb6 70. Nf4 Kb5 71. h6 Rh8 72. Rh1 Rh7 73. Kg4 Kc6 74. Kg5 Kd7 75. Kg6 Rh8 76. Kg7 Re8 77. Ng6 1-0

[Event "Ronne Jubilaum"]
[Site "Ronne"]
[Date "2001.06.27"]
[Round "5"]
[White "Petersen, Jan"]
[Black "Andersen, Rune"]
[Result "0-1"]
[WhiteElo "1742"]
[BlackElo "2298"]
[PlyCount "142"]
[EventDate "2001.06.24"]
[EventType "swiss"]
[EventRounds "9"]
[EventCountry "DEN"]
[SourceTitle "EXT 2023"]
[Source "ChessBase"]
[SourceDate "2022.10.05"]
[SourceVersion "1"]
[SourceVersionDate "2022.10.05"]
[SourceQuality "1"]

1. e4 c5 2. d4 cxd4 3. c3 d5 4. exd5 Nf6 5. cxd4 Nxd5 6. Nc3 Nc6 7. Nf3 e6 8. Bd3 Be7 9. 0-0 0-0 10. Re1 b6 11. Be4 Bb7 12. Nxd5 exd5 13. Bf5 Bc8 14. Qc2 Bxf5 15. Qxf5 Bf6 16. Bg5 Nxd4 17. Bxf6 Nxf5 18. Bxd8 Raxd8 19. Re5 g6 20. g4 f6 21. Re2 Nd6 22. Rd1 Nb5 23. a4 Nc7 24. Nd4 Rfe8 25. Rc2 Rd7 26. Rdc1 Ne6 27. Nxe6 Rxe6 28. Rc8+ Kg7 29. Kf1 Kh6 30. R8c7 Ree7 31. Rxd7 Rxd7 32. f4 Kg7 33. Rc6 Kf7 34. f5 gxf5 35. gxf5 Kg7 36. Kf2 d4 37. Ke2 d3+ 38. Kd2 Rd5 39. Rc7+ Kh6 40. Rxa7 Rxf5 41. Rb7 Rf2+ 42. Kxd3 Rxb2 43. a5 b5 44. a6 Rxh2 45. Rxb5 Ra2 46. Rb6 Kg5 47. Rb7 Rxa6 48. Rxh7 Re6 49. Rg7+ Kf4 50. Rg1 f5 51. Rf1+ Kg5 52. Rg1+ Kf6 53. Rh1 Re4 54. Rg1 Ke5 55. Rf1 f4 56. Ra1 Re3+ 57. Kd2 Ke4 58. Rh1 Rd3+ 59. Ke1 Ra3 60. Rh8 Ke3 61. Kf1 Ra1+ 62. Kg2 f3+ 63. Kg3 Rg1+ 64. Kh2 f2 65. Re8+ Kd4 66. Rd8+ Ke5 67. Re8+ Kd6 68. Rd8+ Ke7 69. Rd2 Rh1+ 70. Kxh1 f1Q+ 71. Kh2 Qf4+ 0-1

[Event "Ronne Jubilaum"]
[Site "Ronne"]
[Date "2001.06.24"]
[Round "1"]
[White "Petersen, Jan"]
[Black "Lindberg, Henrik"]
[Result "1/2-1/2"]
[WhiteElo "1742"]
[BlackElo "2210"]
[PlyCount "47"]
[EventDate "2001.06.24"]
[EventType "swiss"]
[EventRounds "9"]
[EventCountry "DEN"]
[SourceTitle "EXT 2023"]
[Source "ChessBase"]
[SourceDate "2022.10.05"]
[SourceVersion "1"]
[SourceVersionDate "2022.10.05"]
[SourceQuality "1"]

1. e4 c5 2. d4 cxd4 3. c3 dxc3 4. Nxc3 Nc6 5. Nf3 d6 6. Bc4 e6 7. 0-0 Nf6 8. Qe2 Be7 9. Rd1 e5 10. h3 0-0 11. Be3 Be6 12. Bd5 Bxd5 13. exd5 Nb8 14. Nxe5 dxe5 15. d6 Bxd6 16. Nb5 Qe7 17. Nxd6 Nc6 18. Bg5 Rab8 19. Ne4 Rfd8 20. Bxf6 gxf6 21. Qg4+ Kh8 22. Qf5 Kg7 23. Qg4+ Kh8 24. Qf5 1/2-1/2